50 Most Populous US Cities in 2000 Quiz Stats

Quiz not verified by Sporcle

Challenge
Share
Tweet
Embed
Score 0/50 Timer 08:00
0 Plays Today
Population City % Correct
8,008,278New York, NY
100%
3,694,820Los Angeles, CA
100%
2,896,016Chicago, IL
100%
1,953,631Houston, TX
98.8%
1,517,550Philadelphia, PA
97.6%
1,321,045Phoenix, AZ
97.6%
1,188,580Dallas, TX
97.6%
1,144,646San Antonio, TX
96.4%
951,270Detroit, MI
96.4%
776,733San Francisco, CA
96.4%
563,374Seattle, WA
96.4%
1,223,400San Diego, CA
95.2%
589,141Boston, MA
95.2%
554,636Denver, CO
95.2%
735,617Jacksonville, FL
94%
362,470Miami, FL
94%
650,100Memphis, TN
92.9%
569,891Nashville, TN
92.9%
416,474Atlanta, GA
92.9%
791,926Indianapolis, IN
91.7%
572,059Washington, DC
91.7%
540,828Charlotte, NC
91.7%
441,545Kansas City, MO
91.7%
382,618Minneapolis, MN
90.5%
711,470Columbus, OH
89.3%
Population City % Correct
529,121Portland, OR
89.3%
478,403Cleveland, OH
89.3%
894,943San Jose, CA
88.1%
656,562Austin, TX
88.1%
651,154Baltimore, MD
88.1%
596,974Milwaukee, WI
86.9%
506,132Oklahoma City, OK
86.9%
478,434Las Vegas, NV
86.9%
348,189St. Louis, MO
86.9%
484,674New Orleans, LA
85.7%
407,018Sacramento, CA
83.3%
486,699Tucson, AZ
82.1%
399,484Oakland, CA
81%
563,662El Paso, TX
79.8%
534,694Fort Worth, TX
79.8%
448,607Albuquerque, NM
76.2%
390,007Omaha, NE
76.2%
393,049Tulsa, OK
75%
427,652Fresno, CA
72.6%
371,657Honolulu, HI
70.2%
425,257Virginia Beach, VA
67.9%
360,890Colorado Springs, CO
67.9%
461,522Long Beach, CA
65.5%
344,284Wichita, KS
60.7%
396,375Mesa, AZ
59.5%

You're not logged in!

Compare scores with friends on all Sporcle quizzes.
Join for Free
OR
Log In

You Might Also Like...

Show Comments

Extras

Top Quizzes Today


Score Distribution

Your Account Isn't Verified!

In order to create a playlist on Sporcle, you need to verify the email address you used during registration. Go to your Sporcle Settings to finish the process.

Report this User

Report this user for behavior that violates our Community Guidelines.

Details: